DCU Movies - Statistics

General Stats
  • This quiz has been taken 130 times
  • The average score is 5 of 9
Answer Stats
Hint Answer % Correct
2025 Superman
100%
2026 Supergirl: Woman of Tomorrow
88%
2026 Clayface
71%
TBA The Brave and the Bold
59%
TBA The Authority
43%
TBA Swamp Thing
42%
TBA Sgt. Rock
26%
TBA Teen Titans
26%
TBA Bane and Deathstroke
22%
No matching quizzes found
Score Distribution
Percent of People with Each Score
Percentile by Number Answered
Your Score History
You have not taken this quiz